| 000 | 01241nam a22002417a 4500 | ||
|---|---|---|---|
| 005 | 20240530110338.0 | ||
| 008 | 141022s2010 le bj grc 000 0dara d | ||
| 020 | _a9789953823591 | ||
| 040 | _aEG-CaGPL | ||
| 082 | 0 | 4 |
_221 _a327.730561 _bم د |
| 100 | 0 | _aمحمد ياس خضير الغريرى | |
| 245 | 1 | 2 |
_aالدور الامريكى فى سياسة تركيا حيال الاتحاد الاوروبى 1993 - 2010 / _cمحمد ياس خضير الغريرى |
| 260 |
_aبيروت : _bمركز دراسات الوحدة العربية ؛ _c2010 |
||
| 300 |
_a304 ص : _bايض ؛ _c24 سم |
||
| 490 |
_aسلسلة اطروحات الدكتوراه ؛ _v92 |
||
| 651 | 0 | 4 |
_aالولايات المتحدة الامريكية _xالعلاقات الخارجية _zتركيا |
| 651 | 0 | 4 |
_aتركيا _xالعلاقات الخارجية _zالولايات المتحدة الامريكية |
| 651 | 0 | 4 |
_aتركيا _xالاحوال السياسية |
| 651 | 0 | 4 |
_aتركيا _xالعلاقات الخارجية _zالاتحاد الاوروبى |
| 651 | 0 | 4 |
_aالاتحاد الاوروبى _xالعلاقات الخارجية _zتركيا |
| 942 |
_2ddc _cBK |
||
| 999 |
_c59820 _d59820 |
||